000 00419 a2200145 4500
005 20250505135653.0
020 _a81-259-1597-4
082 _aLECT 001.64 AGR
100 _aAGRAWAL, R.
245 _aData Communication and Computer Networks
260 _aNew Delhi,
_bVikas Publishing House Pvt Ltd,
_c2005.
300 _aviii, 397p,: ill.; figure, table.
_bGlossary.
_c24cm.
700 _aTIWARI, B. B.
942 _2ddc
_cBKS
999 _c1947
_d1947